Rozvoj technológie obrábania RTO 98 2. medzinárodná konferencia, Košice 1. a 2. júl 1998
| Corporate Author: | |
|---|---|
| Format: | Conference Proceeding Book |
| Language: | Slovak English Czech Hungarian German Polish |
| PhysicalDescription: | 334 s. s rozličným stránkovaním fotogr., grafy, sch., tab. 30 cm |
| Published: |
Košice
Technická univerzita
1998
|
| ISBN: | 8070993529 |
| Subjects: |
MARC
| LEADER | 00000cam a2200000 a 4500 | ||
|---|---|---|---|
| 001 | vtls001352842 | ||
| 003 | SK-MaSNL | ||
| 005 | 20260301010414.0 | ||
| 008 | 250414s1998 xo a fr 100 0 slo | ||
| 015 | |a SNBA1999/04-01218 | ||
| 020 | |a 8070993529 | ||
| 035 | |a SNK000306235 | ||
| 035 | |a urn:nbn:sk:snk-amjrrl | ||
| 035 | |a urn:nbn:sk:snk:ar-a0brqq | ||
| 035 | |a b752b64d-86d6-4f5f-8c02-68b6a83467ae | ||
| 040 | |a SNK |b slo |c SNK |e AACR2 | ||
| 041 | 0 | |a slo |a eng |a cze |a hun |a ger |a pol | |
| 044 | |a xo |c SK | ||
| 080 | |a 621.9(082)=00 |2 1981 | ||
| 111 | 2 | |a Rozvoj technológie obrábania |n (2. : |d 1998 : |c Košice, Slovensko) |4 aut |9 292151 | |
| 245 | 0 | 0 | |a Rozvoj technológie obrábania RTO 98 |b 2. medzinárodná konferencia, Košice 1. a 2. júl 1998 |
| 246 | 1 | 0 | |a Development of metal cutting DMC |
| 260 | |a Košice |b Technická univerzita |c 1998 | ||
| 300 | |a 334 s. s rozličným stránkovaním |b fotogr., grafy, sch., tab. |c 30 cm | ||
| 500 | |a Súbež. názov angl.; Čiast. text angl., čes., maď., poľ. a nem. | ||
| 504 | |a Bibliogr. odkazy | ||
| 650 | 0 | 7 | |a technológia obrábania |2 SNKPH |9 292152 |
| 655 | 7 | |a zborníky konferencií |2 SNKPH |9 70153 | |
| 655 | 7 | |a issue_zb |2 SNK |9 276493 | |
| 852 | |a Slovenská národná knižnica | ||
| 919 | |a 80-7099-352-9 | ||
| 954 | |a odborná, vedecká literatúra pôvodná (slovenská) |2 lita | ||
| 954 | |a odborná, vedecká literatúra cudzojazyčná (svetová) |2 lita | ||
| 958 | |a ART | ||
| 958 | |a TL | ||
| 958 | |a NB | ||
| 958 | |a OND | ||
| 958 | |a EUIPO | ||
| 999 | |c 548024 |d 549954 | ||
| 952 | |t P60, <03>, [BOOK], {603} |a SNK |b SNK |y PREZ |7 0 |p 17A0177404 |o snkSB 59734 |i snkKSP 523/99 |0 0 |1 0 |4 0 |d 1999-01-20 |f 1 |l 0 |r 2025-04-09 00:00:00 |w 2026-02-23 | ||
| 952 | |t P60, <04>, [BOOK], {604} |a SNK |b SNK |y VYP |7 0 |p 17A0177405 |o snkSB 59734 D1 |i snkKSP 524/99 |0 0 |1 0 |4 0 |d 1999-01-20 |l 0 |r 2005-01-02 00:00:00 |w 2026-02-23 | ||


